Coming down your street (Record no. 117590)

MARC details
000 -LEADER
fixed length control field 01645cam a2200253 4500
001 - CONTROL NUMBER
control field ABS67937
008 - FIXED-LENGTH DATA ELEMENTS--GENERAL INFORMATION
fixed length control field 040623n2004 000 0 eng u
035 ## - SYSTEM CONTROL NUMBER
System control number (Sirsi) u126595
100 ## - MAIN ENTRY--PERSONAL NAME
Personal name Lloyd, M.
245 ## - TITLE STATEMENT
Title Coming down your street
260 ## - PUBLICATION, DISTRIBUTION, ETC.
Date of publication, distribution, etc. 2004
490 ## - SERIES STATEMENT
Series statement Inside Housing
Volume/sequential designation 21(23) 11 June 2004, 43-44(2)
520 ## - SUMMARY, ETC.
Summary, etc. Looks at the criticisms from local authorities and the private sector of the plans to register all private landlords in Scotland through amendments to the Anti-Social Behaviour Scotland Bill being debated by the Scottish Parliament, which stand to become law in the autumn. The proposed registration has stretched from covering rogue landlords and bad neighbours to cover an estimated 160 000 rented properties in all parts of Scotland. Some critics believe that this planned provision and the Scottish houses in multiple occupation law will drive many private landlords out of the market. View the progress of the Anti-Social Behaviour (Scotland) Bill at www.scottish.parliament.uk.
590 ## - LOCAL NOTE (RLIN)
Local note ABS
590 ## - LOCAL NOTE (RLIN)
Local note ABS
650 ## - SUBJECT ADDED ENTRY--TOPICAL TERM
Topical term or geographic name entry element LICENSING OF HOUSES IN MULTIPLE OCCUPATION
650 ## - SUBJECT ADDED ENTRY--TOPICAL TERM
Topical term or geographic name entry element NATIONAL REGISTER OF LANDLORDS
650 ## - SUBJECT ADDED ENTRY--TOPICAL TERM
Topical term or geographic name entry element ANTI-SOCIAL BEHAVIOUR (SCOTLAND) BILL
650 ## - SUBJECT ADDED ENTRY--TOPICAL TERM
Topical term or geographic name entry element SCOTLAND
690 ## - LOCAL SUBJECT ADDED ENTRY--TOPICAL TERM (OCLC, RLIN)
Topical term or geographic name as entry element HOUSING-PRIVATE RENTED SECTOR
856 ## - ELECTRONIC LOCATION AND ACCESS
Uniform Resource Identifier <a href="https://www.scottish.parliament.uk/bills/index.htm#12">https://www.scottish.parliament.uk/bills/index.htm#12</a>
Public note View the progress of the Anti-Social Behaviour (Scotland) Bill on the Scottish Parliament website...
856 ## - ELECTRONIC LOCATION AND ACCESS
Uniform Resource Identifier <a href="https://www.scottish.parliament.uk/bills/index.htm#12">https://www.scottish.parliament.uk/bills/index.htm#12</a>
Public note View the progress of the Anti-Social Behaviour (Scotland) Bill on the Scottish Parliament website...
942 ## - ADDED ENTRY ELEMENTS (KOHA)
Suppress in OPAC 0
Holdings
Withdrawn status Lost status Source of classification or shelving scheme Damaged status Not for loan Home library Current library Shelving location Date acquired Total Checkouts Full call number Barcode Date last seen Copy number Price effective from Koha item type
    Dewey Decimal Classification     London London Journal article 23/06/2004   ABS67937 126595-1001 06/08/2019 1 06/08/2019 Journal article